Aktorzy z Gwiezdnych Wojen - Statystyki

Ogólne statystyki
  • Ten quiz został rozwiązany 77 razy
  • Średni wynik to 9 z 15
Statystyki odpowiedzi
Postać Aktor % Poprawnych
Han Solo Harrison Ford
95%
Luke Skywalker Mark Hamill
87%
Mace Windu Samuel L. Jackson
87%
Padme Amidala Natalie Portman
79%
Księżniczka Leia Carrie Fisher
76%
Obi-Wan Kenobi Ewan McGregor
73%
Anakin Skywalker Hayden Christensen
68%
Kylo Ren Adam Driver
66%
Qui-Gon Jinn Liam Neeson
60%
Rey Daisy Ridley
47%
Poe Dameron Oscar Isaac
42%
Finn John Boyega
39%
C-3PO Anthony Daniels
16%
R2-D2 Kenny Baker
15%
Chewbacca Peter Mayhew
10%
Nie znaleziono quizów pasujących do podanych kryteriów
Rozkład punktacji
Procent ludzi z każdym wynikiem
Percentyl według liczby udzielonych odpowiedzi
Twoja historia wyników
Nie rozwiązałeś tego quizu